000 00619nam a22002417a 4500
001 48188
003 UA-OsUOA
005 20210513202447.0
007 ta
008 20070830b un ||||| |||| 00| 0 ukr d
020 _a867025073Х
040 _aUA-OsUOA
_brus
_cUA-OsUOA
_dUA-OsUOA
041 _arus
080 _a821.161.1
090 _a821.161.1
_bЛ17
100 _aЛазаревич Л. К.
245 _aЦелокупна дела
260 _aБелград
_c1968
300 _a381 с.
650 7 _a82 Література. Літературознавство
_2UDC
942 _cBK
_2udc
955 _a2
999 _c334307
_d334307